Ultimate IPL Quiz - Statistics

General Stats
  • This quiz has been taken 120 times
  • The average score is 27 of 43
Answer Stats
Hint Answer % Correct
2008 Winner Rajasthan Royals
95%
2010 Winner Chennai Super Kings
94%
2011 Winner Chennai Super Kings
94%
2018 Winner Chennai Super Kings
94%
2021 Winner Chennai Super Kings
94%
2023 Winner Chennai Super Kings
94%
2013 Winner Mumbai Indians
93%
2015 Winner Mumbai Indians
93%
2017 Winner Mumbai Indians
93%
2019 Winner Mumbai Indians
93%
2020 Winner Mumbai Indians
93%
2012 Winner Kolkata Knight Riders
91%
2014 Winner Kolkata Knight Riders
91%
2022 Winner Gujarat Titans
88%
2009 Winner Deccan Chargers
87%
2008 Most Expensive MS Dhoni
87%
Most Matches Played with 264 MS Dhoni
87%
Most Runs in a Season with 973 Virat Kohli
87%
2016 Winner Sunrisers Hyderabad
86%
HS 175* off 66 Chris Gayle
85%
17 Sixes in an innings Chris Gayle
85%
2024 Most Expensive Mitchell Starc
73%
Most Expensive Spell of 0/73 off 4 Mohit Sharma
70%
Most Wickets in a Season with 32 Harshal Patel
57%
BB 6/12 Alzarri Joseph
56%
2014 Most Expensive Yuvraj SIngh
52%
2015 Most Expensive Yuvraj SIngh
52%
2020 Most Expensive Pat Cummins
43%
2022 Most Expensive Ishan Kishan
38%
2023 Most Expensive Sam Curran
38%
2021 Most Expensive Chris Morris
37%
Most Ducks with 17 Dinesh Karthik
36%
2013 Most Expensive Glenn Maxwell
34%
2017 Most Expensive Ben Stokes
32%
2018 Most Expensive Ben Stokes
32%
2012 Most Expensive Ravindra Jadeja
32%
2011 Most Expensive Gautam Gambhir
24%
2019 Most Expensive Jaydev Unadkat, Varun Chakravarthy
24%
2009 Most Expensive Kevin Pietersen, Andrew Flintoff
23%
2010 Most Expensive Shane Bond, Keiron Pollard
23%
2016 Most Expensive Shane Watson
21%
Most Dismissals in an innings (WK) Kumar Sangakarra
2%
Most Dismissals in an innings (F) Mohammad Nabi
2%
No matching quizzes found
Score Distribution
Percent of People with Each Score
Percentile by Number Answered
Your Score History
You have not taken this quiz